Statistics for Countries That Exports Arms The Most

Click here to take the quiz!

General Stats

  • This quiz has been taken 183 times
  • The average score is 6 of 8

Answer Stats

Answer% Correct
Russia
98%
China
92%
France
88%
Germany
88%
Italy
76%
Spain
74%
United States
62%
United Kingdom
54%

Score Distribution

Percentile by Number Answered

Percent of People with Each Score

Your Score History

You have not taken this quiz